书目信息 |
| 题名: |
污水生物处理的数学模型与应用
|
|
| 作者: | 施汉昌 , 邱勇 编著 | |
| 分册: | ||
| 出版信息: | 北京 中国建筑工业出版社 2014 |
|
| 页数: | 295页 | |
| 开本: | 26cm | |
| 丛书名: | ||
| 单 册: | ||
| 中图分类: | X703.1 | |
| 科图分类: | ||
| 主题词: | 污水处理--生物处理--数学模型 , 污水处理 , 生物处理 , 数学模型 | |
| 电子资源: | ||
| ISBN: | 978-7-112-16184-3 | |
| 000 | 01555nam0 2200301 450 | |
| 001 | 136 | |
| 005 | 20161111084650.29 | |
| 005 | 20140617133747 | |
| 010 | @a978-7-112-16184-3@dCNY65.00 | |
| 100 | @a20140318d2014 em y0chiy50 ea | |
| 101 | 0 | @achi |
| 102 | @aCN@b110000 | |
| 105 | @ay z 000yy | |
| 200 | 1 | @a污水生物处理的数学模型与应用@9wu shui sheng wu chu li de shu xue mo xing yu ying yong@f施汉昌,邱勇编著 |
| 210 | @a北京@c中国建筑工业出版社@d2014 | |
| 215 | @a295页@d26cm | |
| 312 | @a封面英文题名:Modeling and application for biological wastewater treatment | |
| 330 | @a本书共分13章:第1章概述了污水生物处理数学模型的发展历史,第2章和第3章对化学计量学和酶催化反应动力学进行了介绍,第4章介绍了污水生物处理的经典模型及其应用,第5章和第6章分别介绍了厌氧生物处理的反应动力学和生物膜反应器的动力学,第7章介绍了二次沉淀池的模型。从第8章到第11章介绍了由国际水质协会(IAWQ)提出的ASM系列模型,包括ASM1、ASM2、ASM2d和ASM3模型,工艺概化模型的建立与模型求解,ASM模型的水质表达与动力学参数估值,运用ASM模型进行模拟的方法与流程。鉴于污水生物处理的数值模拟技术主要应用于设计和优化运行,第12章和第13章分别提供了污水生物处理工艺复算和工艺参数优化的算例。 | |
| 510 | 1 | @aModeling and application for biological wastewater treatment@zeng |
| 606 | 0 | @a污水处理@a生物处理@x数学模型 |
| 606 | 0 | @a污水处理 |
| 606 | 0 | @a生物处理 |
| 606 | 0 | @a数学模型 |
| 690 | @aX703.1@v5 | |
| 701 | 0 | @a施汉昌@9shi han chang@f(1950~)@4编著 |
| 701 | 0 | @a邱勇@9qiu yong@4编著 |
| 801 | 0 | @aCN@b大连网信软件有限公司图书馆·11@c20161111 |
| 905 | @aZUCC@dX703.1@e213 | |
| 污水生物处理的数学模型与应用/施汉昌,邱勇编著.-北京:中国建筑工业出版社,2014 |
| 295页;26cm |
| ISBN 978-7-112-16184-3:CNY65.00 |
| 本书共分13章:第1章概述了污水生物处理数学模型的发展历史,第2章和第3章对化学计量学和酶催化反应动力学进行了介绍,第4章介绍了污水生物处理的经典模型及其应用,第5章和第6章分别介绍了厌氧生物处理的反应动力学和生物膜反应器的动力学,第7章介绍了二次沉淀池的模型。从第8章到第11章介绍了由国际水质协会(IAWQ)提出的ASM系列模型,包括ASM1、ASM2、ASM2d和ASM3模型,工艺概化模型的建立与模型求解,ASM模型的水质表达与动力学参数估值,运用ASM模型进行模拟的方法与流程。鉴于污水生物处理的数值模拟技术主要应用于设计和优化运行,第12章和第13章分别提供了污水生物处理工艺复算和工艺参数优化的算例。 |
| ● |
| 相关链接 |
|
|
|
|
正题名:污水生物处理的数学模型与应用
索取号:X703.1/213
 
预约/预借
| 序号 | 登录号 | 条形码 | 馆藏地/架位号 | 状态 | 备注 |
| 1 | 908212 | 209082124 | 第二样本阅览室/ [索取号:X703.1/213] | 在馆 | |
| 2 | 908213 | 209082133 | 第三借阅区/ [索取号:X703.1/213] | 在馆 | |
| 3 | 908214 | 209082142 | 第三借阅区/ [索取号:X703.1/213] | 在馆 | |
| 4 | 908215 | 209082151 | 第三借阅区/ [索取号:X703.1/213] | 在馆 | |
| 5 | 908216 | 209082160 | 第三借阅区/ [索取号:X703.1/213] | 在馆 |